Bienvenue à la Médiathèque de Saint-Andiol
banniere
Accueil Recherche avancée Mon compte
handi1 Rechercher dans le catalogue

Filtre   Mots-clés
  Recherche avancée
 
Lister les dernières nouveautés
 
Lister les livres GROS CARACTERES
 
Lister les périodiques (magazines)

handi1 club des Cinq et le passage secret (Le)

Book Cover
Auteur principal : Béja
Autres auteurs : Enid Blyton Nataël
Titre : club des Cinq et le passage secret (Le)
Support : Livres
Langue : Francais
Publié : 2021 Hachette Paris
Series : Le club des Cinq
Genre : Bande Dessinée (enfants)
Sujets :
Étiquettes :
Pas de tags
LEADER 01212nam0a2200229 450
001 16868192
010 |a 978-2-01-401813-4  |b rel.  |d 9,95 € 
100 |a 20181122d2021 u u0frey01 ba 
101 0 |a fre 
102 |a FR 
200 0 |a club des Cinq et le passage secret (Le)  |f dessin, Béja  |g scénario, Nataël... - d'après Enid Blyton 
207 1 |a   
210 |a Paris  |b 79 boulevard Saint Germain.  |c Hachette  |d 2021 
215 |a 1 vol. (32 p.)  |c ill. en coul.  |d 30 cm 
330 |a Claude et ses cousins sont bien décidés à profiter des vacances de Noël pour explorer le passage secret d'une ferme de Kemach. Or leurs projets sont compromis : les bulletins scolaires n'ont pas été bons. Les voilà bloqués à la maison sous la surveillance de Mr Rolland, un précepteur dont le comportement curieux pourrait bien cacher quelquechose. Les quatre enquêteurs et leur chien Dagobert sont en alerte ... 
461 0 |t Le club des Cinq  |v 02 
700 0 |a Béja  |4 440 
702 0 |a Blyton  |b Enid  |f 1897-1968  |4 100 
702 0 |a Nataël  |f 1940-....  |4 70 
900 |a Bande Dessinée (enfants) 
901 |a Jeunesse 
995 |a Médiathèque  |c Médiathèque  |f 00156009410069  |h 00156009410069  |k BD CLU  |o p  |q j  |r az  |e Médiathèque